000 00921nac a22002897a 4500
001 BR7701812
003 BR-BrBNA
005 20240105114034.0
008 230509b bl.|||m| |||| 00| 0 por d
040 _aBR-BrBNA
_bpor
_cBiblioteca Nacional de Agricultura
072 _aM00; M10
090 _a8150 BR7701812
110 1 _aPrograma de Pesquisa e Desenvolvimento Pesqueiro do Brasil, Brasilia, DF
_97975
245 1 _aLevantamento dos recursos pesqueiros pelagicos na costa do nordeste [Brasil]
260 3 _aBrasilia, DF (Brasil):
_c1977.
300 _a11p.
490 _aNavio de Pesquisa Diadorim. Relatorio do cruzeiro (Brazil)
_vno. 11
_x
500 _a5 tables
650 _aPesca
650 _aProducao pesqueira
650 _aPeixe marinho
650 _aCaptura
650 _aPesquisa pesqueira
650 _aNordeste
909 _a202312
_bLúcia Elande
_c55
_dLúcia Elande
942 _2AGRIS
_n0
_cMS
999 _c267041
_d267041